Top 20 NBA 2015-16 Time Played - Statistics

General Stats
  • This quiz has been taken 21 times
  • The average score is 16 of 20
Answer Stats
Rank Player Team Time % Correct
1 James Harden Rockets 3125'
100%
14 John Wall Wizards 2784'
95%
18 LeBron James Cavaliers 2709'
95%
20 Stephen Curry Warriors 2700'
95%
12 DeMar DeRozan Raptors 2804'
89%
11 Draymond Green Warriors 2808'
89%
9 Giannis Antetokounmpo Bucks 2823'
89%
3 Kemba Walker Hornets 2885'
89%
7 Kyle Lowry Raptors 2851'
89%
16 Russell Westbrook Thunder 2750'
89%
8 Andrew Wiggins Timberwolves 2845'
84%
2 Gordon Hayward Jazz 2893'
84%
10 Paul George Pacers 2819'
84%
4 Trevor Ariza Rockets 2859'
84%
15 CJ McCollum Trail Blazers 2780'
79%
6 Khris Middleton Bucks 2852'
79%
13 Kentavious Caldwell-Pope Pistons 2789'
58%
17 Monta Ellis Pacers 2734'
58%
5 Marcus Morris Pistons 2856'
53%
19 Joe Johnson Heat 2703'
42%
No matching quizzes found
Score Distribution
Percent of People with Each Score
Percentile by Number Answered
Your Score History
You have not taken this quiz